000 00313nam a2200121Ia 4500
100 _aUnix sytem lab
942 _cBK
654 _aunix
245 _aUnix system V/386: Device driver interface/driver kernal interface reference manual
260 _bprentice
_aNew Delhi
_c1992
300 _a289
546 _aENGLISH
999 _c33890
_d33890